000
003190000a22001330004500
041
0
_a
SPA
082
0
4
_a
G 819.81 C297t
100
1
_a
Carpentier, Alejo (1904- )
245
1
0
_a
Tientos y diferencias / Alejo Carpentier
260
_a
Buenos Aires, Argentina : Calicanto
300
_a
130 Pag
001
10883
942
_c
BK
999
_c
40303
_d
40303